Catálogo público

Plant evolutionary developmental biology : (Record no. 204417)

MARC details
000 -CABECERA
campo de control de longitud fija 00886nam a2200289Ia 4500
001 - NÚMERO DE CONTROL
campo de control Para_10522
003 - IDENTIFICADOR DEL NÚMERO DE CONTROL
campo de control CHAP
008 - DATOS DE LONGITUD FIJA--INFORMACIÓN GENERAL
campo de control de longitud fija 220125s9999 xx 000 0 und d
010 ## - NÚMERO DE CONTROL DE LA BIBLIOTECA DEL CONGRESO
Número de control de LC 204417
020 ## - NÚMERO INTERNACIONAL ESTÁNDAR DEL LIBRO
Número Internacional Estándar del Libro 978 - 1 - 107 - 03492 - 1
040 ## - FUENTE DE LA CATALOGACIÓN
Centro/agencia transcriptor CHAP
082 ## - NÚMERO DE LA CLASIFICACIÓN DECIMAL DEWEY
Número de clasificación PA 581.15 M56 2018
100 ## - ENTRADA PRINCIPAL--NOMBRE DE PERSONA
Nombre de persona Minelli, Alessandro
9 (RLIN) 75928
245 ## - MENCIÓN DE TÍTULO
Título Plant evolutionary developmental biology :
Resto del título The evolvability of the phenotype /
Mención de responsabilidad, etc. Alessandro Minelli
260 ## - PUBLICACIÓN, DISTRIBUCIÓN, ETC.
Lugar de publicación, distribución, etc. United Kingdom Misc. Islands :
Nombre del editor, distribuidor, etc. Cambridge University Press
300 ## - DESCRIPCIÓN FÍSICA
Extensión xii,458 p.
500 ## - NOTA GENERAL
Nota general Incluye referencias bibliográficas e índice
650 ## - PUNTO DE ACCESO ADICIONAL DE MATERIA--TÉRMINO DE MATERIA
Término de materia o nombre geográfico como elemento de entrada Evolución
Subdivisión general Plantas
9 (RLIN) 170332
650 ## - PUNTO DE ACCESO ADICIONAL DE MATERIA--TÉRMINO DE MATERIA
Término de materia o nombre geográfico como elemento de entrada Genetica Vegetal
901 ## - ELEMENTOS DE DATOS A LOCAL LDA (RLIN)
a PA 581.15 M56 2018
902 ## - ELEMENTOS DE DATOS B LOCAL, LDB (RLIN)
a A
905 ## - ELEMENTOS DE DATOS E LOCAL, LDE (RLIN)
a 523220 2018 uikan 8000000300eng06
910 ## - DATOS DE OPCIÓN DEL USUARIO (OCLC)
Datos de opción del usuario
942 ## - ELEMENTOS DE PUNTO DE ACCESO ADICIONAL (KOHA)
Tipo de ítem Koha Parasitologia_
942 ## - ELEMENTOS DE PUNTO DE ACCESO ADICIONAL (KOHA)
Tipo de ítem Koha Parasitologia_
-- 1
Holdings
Estado de retiro Estado de pérdida Fuente del sistema de clasificación o colocación Estado dañado No para préstamo Código de colección Localización permanente Ubicación/localización actual Fecha de adquisición Información codificada de la localización en otra ubicación Número de inventario Total de préstamos Signatura topográfica completa Código de barras Fecha visto por última vez Fecha del último préstamo Número de copia Precio válido a partir de Tipo de ítem Koha Nota pública
    Dewey Decimal Classification     General Parasitologia Agricola Parasitologia Agricola 20/02/2020 PARA (PA_010847) (No. UACh C/E) 1 PA 581.15 M56 2018 4102000466 13/02/2023 13/02/2023 Ej.1 25/01/2022 Libro 3